BIBLIOTECA “JULIO CORTÁZAR”
ESCUELA AGROTÉCNICA “LIBERTADOR GENERAL SAN MARTÍN” - UNR – CASILDA

Logo Escuela Logo UNR

Grandes Biografías de los 200 Años : (Record no. 1389)

MARC details
000 -LEADER
campo de control de longitud fija 01204nam#a22003615a#4500
001 - NÚMERO DE CONTROL
campo de control 1389
008 - DATOS DE LONGITUD FIJA--INFORMACIÓN GENERAL
campo de control de longitud fija 100809s2010####ag#a###g######001#0bspa#d
020 ## - NÚMERO INTERNACIONAL ESTÁNDAR DEL LIBRO
Número Internacional Estándar del Libro 9789870708407
080 ## - NÚMERO DE LA CLASIFICACIÓN DECIMAL UNIVERSAL
Número de la Clasificación Decimal Universal 929(82)
084 ## - OTRO NÚMERO DE CLASIFICACIÓN
Número de clasificación G79
040 ## - FUENTE DE CATALOGACIÓN
Centro catalogador/agencia de origen AR-ClEAG
Centro/agencia transcriptor AR-ClEAG
005 - FECHA Y HORA DE LA ÚLTIMA TRANSACCIÓN
campo de control 20241107184707.0
003 - IDENTIFICADOR DE NÚMERO DE CONTROL
campo de control AR-ClEAG
100 1# - ENTRADA PRINCIPAL--NOMBRE DE PERSONA
Nombre de persona Alemán, José,
Término indicativo de función/relación editor.
Relación edt
245 10 - MENCIÓN DEL TÍTULO
Título Grandes Biografías de los 200 Años :
Resto del título Martín Miguel de Güemes /
Mención de responsabilidad, etc. edición literaria a cargo de José Alemán ; editado por Ricardo Kirschbaum ; dirigido por Ernestina Herrera de Noble.
250 ## - MENCION DE EDICION
Mención de edición 1ª ed.
260 ## - PUBLICACIÓN, DISTRIBUCIÓN, ETC.
Lugar de publicación, distribución, etc. Buenos Aires :
Nombre del editor, distribuidor, etc. Arte Gráfico Editorial Argentino,
Fecha de publicación, distribución, etc. 2010.
300 ## - DESCRIPCIÓN FÍSICA
Extensión 64 p. :
Otras características físicas il. col. ;
Dimensiones 28 cm.
490 0# - MENCIÓN DE SERIE
Mención de serie Bicentenario ;
Designación de volumen o secuencia no. 4
500 ## - NOTA GENERAL
Nota general Incluye un DVD interactivo.
653 ## - TÉRMINO DE INDIZACIÓN--NO CONTROLADO
Término no controlado Biografías argentinas
653 ## - TÉRMINO DE INDIZACIÓN--NO CONTROLADO
Término no controlado Güemes, Martín Miguel de
653 ## - TÉRMINO DE INDIZACIÓN--NO CONTROLADO
Término no controlado Expedición al Alto Perú
653 ## - TÉRMINO DE INDIZACIÓN--NO CONTROLADO
Término no controlado Guerra Gaucha
653 ## - TÉRMINO DE INDIZACIÓN--NO CONTROLADO
Término no controlado Túpac Amarú
653 ## - TÉRMINO DE INDIZACIÓN--NO CONTROLADO
Término no controlado Túpac Katari
653 ## - TÉRMINO DE INDIZACIÓN--NO CONTROLADO
Término no controlado Juana Azurduy
653 ## - TÉRMINO DE INDIZACIÓN--NO CONTROLADO
Término no controlado Instituto Güemesiano
653 ## - TÉRMINO DE INDIZACIÓN--NO CONTROLADO
Término no controlado Lugones, Leopoldo
700 1# - ENTRADA AGREGADA--NOMBRE PERSONAL
Nombre de persona Kirschbaum, Ricardo,
Fechas asociadas al nombre editor.
Relación edt
700 1# - ENTRADA AGREGADA--NOMBRE PERSONAL
Nombre de persona Herrera de Noble, Ernestina,
Término indicativo de función/relación director.
Relación drt
942 ## - ELEMENTOS DE ENTRADA SECUNDARIOS (KOHA)
Tipo de ítem Koha Libros
980 ## - EQUIVALENCIA O REFERENCIA-CRUZADA-MENCIÓN DE SERIE--NOMBRE DE PERSONA/TÍTULO [LOCAL, CANADÁ]
Enlace 2
Nombre de persona Evangelina Gallicchio
Enlace entre campo y número de secuencia 2
Información miscelánea Evangelina Gallicchio
Holdings
Estatus retirado Estado de pérdida Fuente del sistema de clasificación o colocación Estado de daño No para préstamo Biblioteca de origen Biblioteca actual Ubicación en estantería Fecha de adquisición Número de inventario Total de préstamos Signatura topográfica completa Código de barras Visto por última vez Precio de reemplazo Tipo de ítem Koha
    Clasificación decimal universal     Julio Cortázar Julio Cortázar   07/11/2024 3457   R24 929(82) G79 Ej.1 3457 07/11/2024 07/11/2024 Libros

Contacto

Biblioteca Julio Cortázar. Escuela Agrotécnica "Libertador San Martín". Universidad Nacional de Rosario
Dirección: Ov. Lagos 1000 - 2170 Casilda - Santa Fe - Argentina
Tel: (54) (03464) 422226.
Fax: (54) (03464) 427789.
E-Mail: biblio-eac@unr.edu.ar